<?xml version="1.0" encoding="UTF-8"?>
<collection xmlns="http://www.loc.gov/MARC21/slim">
 <record>
  <leader>03883cam a2200757   4500</leader>
  <controlfield tag="001">638225906</controlfield>
  <controlfield tag="003">DE-627</controlfield>
  <controlfield tag="005">20250217022352.0</controlfield>
  <controlfield tag="007">tu</controlfield>
  <controlfield tag="008">101101s2011    xxk|||||      00| ||eng c</controlfield>
  <datafield tag="016" ind1="7" ind2=" ">
   <subfield code="a">015649997</subfield>
   <subfield code="2">UK</subfield>
  </datafield>
  <datafield tag="020" ind1=" " ind2=" ">
   <subfield code="a">9781848930438</subfield>
   <subfield code="c">(hbk.) £60.00</subfield>
   <subfield code="9">978-1-84893-043-8</subfield>
  </datafield>
  <datafield tag="020" ind1=" " ind2=" ">
   <subfield code="a">1848930437</subfield>
   <subfield code="c">(hbk.) £60.00</subfield>
   <subfield code="9">1-84893-043-7</subfield>
  </datafield>
  <datafield tag="024" ind1="3" ind2=" ">
   <subfield code="a">9781848930438</subfield>
  </datafield>
  <datafield tag="035" ind1=" " ind2=" ">
   <subfield code="a">(DE-627)638225906</subfield>
  </datafield>
  <datafield tag="035" ind1=" " ind2=" ">
   <subfield code="a">(DE-576)338494928</subfield>
  </datafield>
  <datafield tag="035" ind1=" " ind2=" ">
   <subfield code="a">(DE-599)GBV638225906</subfield>
  </datafield>
  <datafield tag="035" ind1=" " ind2=" ">
   <subfield code="a">(OCoLC)712424534</subfield>
  </datafield>
  <datafield tag="035" ind1=" " ind2=" ">
   <subfield code="a">(OCoLC)712424534</subfield>
  </datafield>
  <datafield tag="040" ind1=" " ind2=" ">
   <subfield code="a">DE-627</subfield>
   <subfield code="b">ger</subfield>
   <subfield code="c">DE-627</subfield>
   <subfield code="e">rakwb</subfield>
  </datafield>
  <datafield tag="041" ind1=" " ind2=" ">
   <subfield code="a">eng</subfield>
  </datafield>
  <datafield tag="044" ind1=" " ind2=" ">
   <subfield code="c">XA-GB</subfield>
  </datafield>
  <datafield tag="082" ind1="0" ind2=" ">
   <subfield code="a">709.4109033</subfield>
   <subfield code="q">BSZ</subfield>
  </datafield>
  <datafield tag="084" ind1=" " ind2=" ">
   <subfield code="a">9,10</subfield>
   <subfield code="a">7,25</subfield>
   <subfield code="2">ssgn</subfield>
  </datafield>
  <datafield tag="084" ind1=" " ind2=" ">
   <subfield code="a">9,10</subfield>
   <subfield code="2">ssgn</subfield>
  </datafield>
  <datafield tag="084" ind1=" " ind2=" ">
   <subfield code="a">LO 50000</subfield>
   <subfield code="q">BVB</subfield>
   <subfield code="2">rvk</subfield>
   <subfield code="0">(DE-625)rvk/103749:</subfield>
  </datafield>
  <datafield tag="084" ind1=" " ind2=" ">
   <subfield code="a">NW 3200</subfield>
   <subfield code="q">BVB</subfield>
   <subfield code="2">rvk</subfield>
   <subfield code="0">(DE-625)rvk/132080:</subfield>
  </datafield>
  <datafield tag="084" ind1=" " ind2=" ">
   <subfield code="a">20.14</subfield>
   <subfield code="2">bkl</subfield>
  </datafield>
  <datafield tag="084" ind1=" " ind2=" ">
   <subfield code="a">15.64</subfield>
   <subfield code="2">bkl</subfield>
  </datafield>
  <datafield tag="100" ind1="1" ind2=" ">
   <subfield code="8">1\p</subfield>
   <subfield code="a">Bayer, Thomas M.</subfield>
   <subfield code="d">1953-</subfield>
   <subfield code="0">(DE-588)1011452383</subfield>
   <subfield code="0">(DE-627)704777657</subfield>
   <subfield code="0">(DE-576)343223198</subfield>
   <subfield code="4">aut</subfield>
  </datafield>
  <datafield tag="245" ind1="1" ind2="4">
   <subfield code="a">The development of the art market in England</subfield>
   <subfield code="b">money as muse, 1730 - 1900</subfield>
   <subfield code="c">by Thomas M. Bayer and John R. Page</subfield>
  </datafield>
  <datafield tag="263" ind1=" " ind2=" ">
   <subfield code="a">Erscheint: 01. Februar 2011</subfield>
  </datafield>
  <datafield tag="264" ind1=" " ind2="1">
   <subfield code="a">London</subfield>
   <subfield code="b">Pickering &amp; Chatto</subfield>
   <subfield code="c">2011</subfield>
  </datafield>
  <datafield tag="300" ind1=" " ind2=" ">
   <subfield code="a">XI, 267 S.</subfield>
   <subfield code="b">graph. Darst</subfield>
   <subfield code="c">24 cm</subfield>
  </datafield>
  <datafield tag="336" ind1=" " ind2=" ">
   <subfield code="a">Text</subfield>
   <subfield code="b">txt</subfield>
   <subfield code="2">rdacontent</subfield>
  </datafield>
  <datafield tag="337" ind1=" " ind2=" ">
   <subfield code="a">ohne Hilfsmittel zu benutzen</subfield>
   <subfield code="b">n</subfield>
   <subfield code="2">rdamedia</subfield>
  </datafield>
  <datafield tag="338" ind1=" " ind2=" ">
   <subfield code="a">Band</subfield>
   <subfield code="b">nc</subfield>
   <subfield code="2">rdacarrier</subfield>
  </datafield>
  <datafield tag="490" ind1="1" ind2=" ">
   <subfield code="a">Financial history</subfield>
   <subfield code="v">17</subfield>
  </datafield>
  <datafield tag="583" ind1="1" ind2=" ">
   <subfield code="a">Archivierung/Langzeitarchivierung gewährleistet</subfield>
   <subfield code="f">SSG</subfield>
   <subfield code="x">XA-DE-BW</subfield>
   <subfield code="2">pdager</subfield>
   <subfield code="5">DE-16</subfield>
  </datafield>
  <datafield tag="583" ind1="1" ind2=" ">
   <subfield code="a">Archivierung prüfen</subfield>
   <subfield code="c">20240324</subfield>
   <subfield code="f">DE-4165</subfield>
   <subfield code="z">3</subfield>
   <subfield code="2">pdager</subfield>
  </datafield>
  <datafield tag="653" ind1=" " ind2=" ">
   <subfield code="a">Art</subfield>
   <subfield code="a">Economic aspects</subfield>
   <subfield code="a">Great Britain</subfield>
   <subfield code="a">History</subfield>
   <subfield code="a">18th century</subfield>
  </datafield>
  <datafield tag="653" ind1=" " ind2=" ">
   <subfield code="a">Art</subfield>
   <subfield code="a">Economic aspects</subfield>
   <subfield code="a">Great Britain</subfield>
   <subfield code="a">History</subfield>
   <subfield code="a">19th century</subfield>
  </datafield>
  <datafield tag="653" ind1=" " ind2=" ">
   <subfield code="a">Art dealers</subfield>
   <subfield code="a">Great Britain</subfield>
   <subfield code="a">History</subfield>
   <subfield code="a">18th century</subfield>
  </datafield>
  <datafield tag="653" ind1=" " ind2=" ">
   <subfield code="a">Art dealers</subfield>
   <subfield code="a">Great Britain</subfield>
   <subfield code="a">History</subfield>
   <subfield code="a">19th century</subfield>
  </datafield>
  <datafield tag="689" ind1="0" ind2="0">
   <subfield code="d">g</subfield>
   <subfield code="0">(DE-588)4014770-8</subfield>
   <subfield code="0">(DE-627)10466553X</subfield>
   <subfield code="0">(DE-576)208909346</subfield>
   <subfield code="a">England</subfield>
   <subfield code="2">gnd</subfield>
  </datafield>
  <datafield tag="689" ind1="0" ind2="1">
   <subfield code="d">s</subfield>
   <subfield code="0">(DE-588)4033647-5</subfield>
   <subfield code="0">(DE-627)104476397</subfield>
   <subfield code="0">(DE-576)209002956</subfield>
   <subfield code="a">Kunsthandel</subfield>
   <subfield code="2">gnd</subfield>
  </datafield>
  <datafield tag="689" ind1="0" ind2="2">
   <subfield code="a">z</subfield>
   <subfield code="2">gnd</subfield>
   <subfield code="a">Geschichte 1730-1900</subfield>
  </datafield>
  <datafield tag="689" ind1="0" ind2=" ">
   <subfield code="5">(DE-627)</subfield>
  </datafield>
  <datafield tag="700" ind1="1" ind2=" ">
   <subfield code="8">2\p</subfield>
   <subfield code="a">Bayer, Thomas M.</subfield>
   <subfield code="d">1953-</subfield>
   <subfield code="0">(DE-588)1011452383</subfield>
   <subfield code="0">(DE-627)704777657</subfield>
   <subfield code="0">(DE-576)343223198</subfield>
   <subfield code="4">oth</subfield>
  </datafield>
  <datafield tag="700" ind1="1" ind2=" ">
   <subfield code="a">Page, John R.</subfield>
   <subfield code="d">1949-</subfield>
   <subfield code="0">(DE-588)140941266</subfield>
   <subfield code="0">(DE-627)703836099</subfield>
   <subfield code="0">(DE-576)321456696</subfield>
   <subfield code="4">oth</subfield>
  </datafield>
  <datafield tag="787" ind1="0" ind2="8">
   <subfield code="i">Rezensiert in</subfield>
   <subfield code="a">Helmreich, Anne L.</subfield>
   <subfield code="t">[Rezension von: Thomas M. Bayer and John R. Page, The development of the art market in England, money as muse, 1730-1900]</subfield>
   <subfield code="d">2012</subfield>
   <subfield code="w">(DE-627)1761521012</subfield>
  </datafield>
  <datafield tag="830" ind1=" " ind2="0">
   <subfield code="a">Financial history</subfield>
   <subfield code="v">17</subfield>
   <subfield code="9">17</subfield>
   <subfield code="w">(DE-627)524568111</subfield>
   <subfield code="w">(DE-576)303409282</subfield>
   <subfield code="w">(DE-600)2271316-5</subfield>
   <subfield code="7">ns</subfield>
  </datafield>
  <datafield tag="856" ind1="4" ind2="2">
   <subfield code="u">https://swbplus.bsz-bw.de/bsz338494928inh.htm</subfield>
   <subfield code="m">B:DE-576;DE-16</subfield>
   <subfield code="q">application/pdf</subfield>
   <subfield code="v">20110407103430</subfield>
   <subfield code="x">Verlag</subfield>
   <subfield code="3">Inhaltsverzeichnis</subfield>
  </datafield>
  <datafield tag="883" ind1=" " ind2=" ">
   <subfield code="8">1</subfield>
   <subfield code="a">cgwrk</subfield>
   <subfield code="d">20241001</subfield>
   <subfield code="q">DE-101</subfield>
   <subfield code="u">https://d-nb.info/provenance/plan#cgwrk</subfield>
  </datafield>
  <datafield tag="883" ind1=" " ind2=" ">
   <subfield code="8">2</subfield>
   <subfield code="a">cgwrk</subfield>
   <subfield code="d">20241001</subfield>
   <subfield code="q">DE-101</subfield>
   <subfield code="u">https://d-nb.info/provenance/plan#cgwrk</subfield>
  </datafield>
  <datafield tag="935" ind1=" " ind2=" ">
   <subfield code="i">Blocktest</subfield>
  </datafield>
  <datafield tag="936" ind1="r" ind2="v">
   <subfield code="a">LO 50000</subfield>
   <subfield code="b">Kunstgeschichte Großbritanniens und Irlands. Gesamtdarstellungen, Abbildungswerke</subfield>
   <subfield code="k">Kunstgeschichte</subfield>
   <subfield code="k">Kunst nach Ländern bzw. Kontinenten</subfield>
   <subfield code="k">Großbritannien, Irland</subfield>
   <subfield code="k">Kunstgeschichte Großbritanniens und Irlands. Gesamtdarstellungen, Abbildungswerke</subfield>
   <subfield code="0">(DE-627)1271248476</subfield>
   <subfield code="0">(DE-625)rvk/103749:</subfield>
   <subfield code="0">(DE-576)201248476</subfield>
  </datafield>
  <datafield tag="936" ind1="r" ind2="v">
   <subfield code="a">NW 3200</subfield>
   <subfield code="b">Einzelbeiträge (einschl. Messen und Märkte)</subfield>
   <subfield code="k">Geschichte</subfield>
   <subfield code="k">Wirtschafts- und Sozialgeschichte</subfield>
   <subfield code="k">Spezielle Wirtschaftsgeschichte</subfield>
   <subfield code="k">Handelsgeschichte</subfield>
   <subfield code="k">Einzelbeiträge (einschl. Messen und Märkte)</subfield>
   <subfield code="0">(DE-627)1270918508</subfield>
   <subfield code="0">(DE-625)rvk/132080:</subfield>
   <subfield code="0">(DE-576)200918508</subfield>
  </datafield>
  <datafield tag="936" ind1="b" ind2="k">
   <subfield code="a">20.14</subfield>
   <subfield code="j">Kunsthandel</subfield>
   <subfield code="0">(DE-627)106406302</subfield>
  </datafield>
  <datafield tag="936" ind1="b" ind2="k">
   <subfield code="a">15.64</subfield>
   <subfield code="j">Großbritannien</subfield>
   <subfield code="j">Irland</subfield>
   <subfield code="x">Geschichte</subfield>
   <subfield code="0">(DE-627)181570386</subfield>
  </datafield>
  <datafield tag="951" ind1=" " ind2=" ">
   <subfield code="a">BO</subfield>
  </datafield>
  <datafield tag="990" ind1=" " ind2=" ">
   <subfield code="a">England</subfield>
  </datafield>
  <datafield tag="990" ind1=" " ind2=" ">
   <subfield code="a">Kunsthandel</subfield>
  </datafield>
  <datafield tag="990" ind1=" " ind2=" ">
   <subfield code="a">Geschichte 1730-1900</subfield>
  </datafield>
  <datafield tag="991" ind1=" " ind2=" ">
   <subfield code="a">Rezensiertes Werk</subfield>
  </datafield>
  <datafield tag="999" ind1=" " ind2=" ">
   <subfield code="a">KXP-PPN638225906</subfield>
   <subfield code="e">4634660318</subfield>
  </datafield>
 </record>
</collection>
